00347nam a2200121Ia 4500008004100000020001800041041000800059082002700067100001800094245005600112260004800168300000900216230411s9999 xx 000 0 und d a81-7042-064-4 aeng aPS/610.7368/VER/B00491 aVerghese Mary aEssentials Of Psychiatric And Mental Health Nursing bB I Churchill Living StoneaNew Delhic1994 a186p